00570nam a2200133Ia 4500008004100000100002700041245014500068245007300213260005300286260000900339300001200348650001500360856006100375170221s9999 xx 000 0 und d aMarina V. Verkhovskaya aParticularities of the Implement of Quality Management System Based on the Requirements of the ISO 9001 in the Telecommunications Companies  cMarina V. Verkhovskaya, Ekaterina V. Men’shikova, Oleg V. Khazanov bInternational Review of Management and Marketing c2016 a15 : 11 xMarketing. uhttp://www.econjournals.com/index.php/irmm/issue/view/82